00752nam a2200241 a 450000100060000000300080000600500170001400800410003102000150007203500200008704000290010704100080013608200240014410000210016824500780018926000440026730000250031150400510033665000230038765000280041065100490043870000230048741185BD-RjUL20211209053338.0160516s1998 ii 00100 eng d a8173912106 a(BD-RjUL) 41301 aANLcANLbengd(BD-RjUL) aeng04a320.3223bBHP 19981 aBhandari, Ashish10aPolitical perceptions and government policy /cAshish Bhandari, Samar Sen aNew Delhi :bKanashka Publishers,c1998 avi, 264 p. ;c22 cm. aIncludes bibliographical references and index. 0aGovernment policy. 0aComparative government. 0aAsiaxPolitics and governmenty20th century.1 aSen, Samar,d1948-